The buggles / (Record no. 132421)

MARC details
000 -LEADER
fixed length control field 00620nam a22002177a 4500
005 - DATE AND TIME OF LATEST TRANSACTION
control field 20181109142039.0
010 ## - LCCN (DPL NO)
LC control number B-215421, B-215446
020 ## - INTERNATIONAL STANDARD BOOK NUMBER
Terms of availability 250.00
International Standard Book Number 8171676383
035 ## - SYSTEM CONTROL NUMBER
System control number B-215421, B-215440 , B-215446
037 ## - SOURCE OF ACQUISITION
Source of stock number/acquisition Cen Lib/Ret
082 ## - DEWEY DECIMAL CLASSIFICATION NUMBER
Classification number N
Item number GAN
100 ## - MAIN ENTRY--PERSONAL NAME
Personal name Ganguli, Antara
245 ## - TITLE STATEMENT
Title The buggles /
Statement of responsibility, etc by Antara Ganguli
260 ## - PUBLICATION, DISTRIBUTION, ETC. (IMPRINT)
Place of publication, distribution, etc New Delhi
Name of publisher, distributor, etc Rupa and company
Date of publication, distribution, etc 2002
270 ## - ADDRESS
City New Delhi
Address 7/16, Ansari road, Daryaganj
Postal code 110002
300 ## - PHYSICAL DESCRIPTION
Extent 383p.:
Dimensions 20cm(pbk)
Other physical details ill.
650 ## - SUBJECT ADDED ENTRY--TOPICAL TERM
Topical term or geographic name as entry element Literature
650 ## - SUBJECT ADDED ENTRY--TOPICAL TERM
Topical term or geographic name as entry element Fiction
942 ## - ADDED ENTRY ELEMENTS (KOHA)
Source of classification or shelving scheme Dewey Decimal Classification
Item type English Books
Classification part N
Call number suffix GAN
Holdings
Withdrawn status Lost status Not for loan Home library Current library Date acquired Source of acquisition Cost, normal purchase price Full call number Barcode Copy number Cost, replacement price Koha item type Collection code
      Central Library Central Library 22/07/2015 Cen Lib/Ret 250.00 N GAN B-215421 1 250.00 English Books  
      Patel Nagar Patel Nagar 29/11/2018   250.00 N GAN B-215430   250.00 Children Books Fiction
      R.C.Libraries (zls) R.C.Libraries (zls) 09/11/2018   250.00 N GAN B-215446 1 250.00 English Books Fiction
      Shahdara Branch Shahdara Branch 18/07/2018 BPPD/PUB 250.00 N GAN B-215440   250.00 English Books Fiction

© Delhi Public Library
Hit Counter
free hit counter